000 00563nam a2200205Ii 4500
003 JO-AjNU
008 230606s9999||||xx |||||||||||||| ||und||
020 _a13:978-81-315-0663-9
040 _aJO-AjNU
_beng
_erda
_cJO-AjNU
041 _aeng
050 1 4 _aBF637.C6.C576.2008
100 3 _aCorey,Gerald,
_eauthor
_91314
245 0 0 _aGroup Counseling
264 3 1 _aAustralia:Books Cole,2008
300 _a387P
336 _atext
_btxt
_2rdacontent
337 _aunmediated
_bn
_2rdamedia
338 _avolume
_bnc
_2rdacarrier
650 4 _aGroup Counseling
_91315
999 _aE691
_c691
_d691